000 00407nam a2200145Ia 4500
008 230724s2010 xx 000 0 und d
041 _aeng
082 _a343.012/SIR
100 _aShirohi J.P.S.
245 _aProfessional Ethics Accountancy for Lawyers & Bench Bar Relations
250 _a5th Ed
260 _aAllahabad
_bAllahabad Law Agency
_c2010
300 _a651p.
650 _aPROFESSIONAL ETHICS
999 _c748436
_d748436